Sitio de Amberes 1584-1585 (Record no. 28464)

MARC details
000 -LEADER
campo de control de longitud fija 00950nam a2200229 i 4500
001 - NÚMERO DE CONTROL
campo de control 28464
003 - IDENTIFICADOR DE NÚMERO DE CONTROL
campo de control ES-MaACL
005 - FECHA Y HORA DE LA ÚLTIMA TRANSACCIÓN
campo de control 20250727001754.0
007 - CAMPO FIJO DE DESCRIPCIÓN FÍSICA--INFORMACIÓN GENERAL
campo de control de longitud fija t|
008 - DATOS DE LONGITUD FIJA--INFORMACIÓN GENERAL
campo de control de longitud fija 030117s1891 sp ||||1| spa d
100 1# - ENTRADA PRINCIPAL--NOMBRE DE PERSONA
Nombre de persona Barado, Francisco (
Fechas asociadas al nombre 1853-1922)
9 (RLIN) 25276
245 10 - MENCIÓN DEL TÍTULO
Título Sitio de Amberes 1584-1585
Resto del título : antecedentes y relación crítica con el principio y fin que tuvo la dominación española en los Estados Bajos /
Mención de responsabilidad, etc. por Francisco Barado.
260 ## - PUBLICACIÓN, DISTRIBUCIÓN, ETC.
Lugar de publicación, distribución, etc. Madrida :
Nombre del editor, distribuidor, etc. J. Palacios,
Fecha de publicación, distribución, etc. 1891.
300 ## - DESCRIPCIÓN FÍSICA
Extensión 484 p., 6 lám. :
Otras características físicas il. ;
Dimensiones 20 cm.
504 ## - NOTA DE BIBLIOGRAFÍA, ETC.
Nota de bibliografía, etc. Bibliografía: p. [477]-484.
530 ## - NOTA DISPONIBLE DE FORMULARIO FÍSICO ADICIONAL
Nota de formato físico adicional disponible Disponible en formato digital.
651 #0 - PUNTO DE ACCESO ADICIONAL DE MATERIA--NOMBRE GEOGRÁFICO
Nombre geográfico Países Bajos-
Subdivisión general Historia-
Subdivisión cronológica 1556-1648 (Guerras de la Independencia)
9 (RLIN) 241409
651 #4 - PUNTO DE ACCESO ADICIONAL DE MATERIA--NOMBRE GEOGRÁFICO
Nombre geográfico Amberes-
Subdivisión general Historia-
Subdivisión cronológica 1584-1585, Sitio.
9 (RLIN) 161988
852 ## - LOCALIZACIÓN
Ubicación ES-MaACL
Número de control de estantería G-1859
856 ## - LOCALIZACIÓN Y ACCESO ELECTRÓNICOS
Identificador Uniforme de Recursos <a href="http://bdh-rd.bne.es/viewer.vm?id=0000051995&page=1 ">http://bdh-rd.bne.es/viewer.vm?id=0000051995&page=1 </a>
Nota pública Biblioteca Digital Hispánica
Holdings
Estatus retirado Estado de pérdida Estado de daño No para préstamo Colección Biblioteca de origen Biblioteca actual Ubicación en estantería Fecha de adquisición Fuente de adquisición Total de préstamos Signatura topográfica completa Código de barras Visto por última vez Precio de reemplazo Tipo de ítem Koha
        Colección digital Biblioteca del Ateneo de Madrid Biblioteca del Ateneo de Madrid Depósito 2 17/01/2008     G-1859 1029385 23/02/2023 23/02/2023 Libro impreso antiguo